Pokémon: All Items - Statistics

General Stats
  • This quiz has been taken 121 times
    120 since last reset
  • The average score is 209 of 994
Answer Stats
Item Type Item Name % Correct
Poké Ball Poké Ball
88%
Poké Ball Poké Ball (Hisui)
88%
Medicine Potion
86%
Poké Ball Ultra Ball
86%
Poké Ball Ultra Ball (Hisui)
86%
Poké Ball Great Ball
85%
Poké Ball Great Ball (Hisui)
85%
Poké Ball Master Ball
83%
Medicine Super Potion
83%
Medicine Rare Candy
80%
Poké Ball Net Ball
77%
Evolution Item (Stone) Fire Stone
75%
Poké Ball Heavy Ball
75%
Poké Ball Heavy Ball (Hisui)
75%
Medicine Max Potion
75%
Medicine Hyper Potion
74%
Poké Ball Dusk Ball
72%
Poké Ball Quick Ball
72%
Evolution Item (Stone) Water Stone
72%
Poké Ball Dive Ball
71%
Evolution Item (Stone) Leaf Stone
71%
Medicine Antidote
69%
Evolution Item (Stone) Thunder Stone
69%
Medicine Burn Heal
68%
Medicine Full Restore
68%
Valuable Pearl
68%
Poké Ball Timer Ball
68%
Medicine (Vitamin) Iron
66%
Repel Repel
66%
Evolution Item (Stone) Moon Stone
65%
Valuable Nugget
65%
Repel Super Repel
65%
Held Item (Choice) Choice Scarf
63%
Poké Ball Love Ball
63%
Repel Max Repel
63%
Poké Ball Moon Ball
63%
Poké Ball Premier Ball
63%
Medicine Awakening
62%
Held Item Charcoal
62%
Evolution Item (Stone) Dusk Stone
62%
Medicine Full Heal
62%
Berry Oran Berry
62%
Medicine Paralyze Heal
62%
Berry Sitrus Berry
62%
Held Item (Mega Stone) Charizardite Y
60%
Evolution Item (Stone) Ice Stone
60%
Poké Ball Safari Ball
60%
Held Item (Mega Stone) Charizardite X
58%
Medicine Max Revive
58%
Medicine Revive
57%
Evolution Item (Stone) Sun Stone
57%
Held Item (Mega Stone) Venusaurite
57%
Held Item (Z-Crystal) Waterium Z
57%
Valuable Big Nugget
55%
Held Item (Choice) Choice Band
55%
Held Item Leftovers
55%
Key Items (Rod) Super Rod
55%
Medicine (Vitamin) Zinc
55%
Medicine (Vitamin) Carbos
54%
Held Item (Z-Crystal) Firium Z
54%
Poké Ball Friend Ball
54%
Medicine Ice Heal
54%
Poké Ball Nest Ball
54%
Poké Ball Beast Ball
52%
Key Items (Bike) Bicycle
52%
Valuable Big Pearl
52%
Held Item (Mega Stone) Blazikenite
52%
Evolution Item (Stone) Dawn Stone
52%
Key Items Escape Rope
52%
Held Item Focus Sash
52%
Medicine (Vitamin) Protein
52%
Held Item (Choice) Choice Specs
51%
Held Item (Z-Crystal) Grassium Z
51%
Poké Ball Luxury Ball
51%
Held Item (Gem) Normal Gem
51%
Key Items (Rod) Old Rod
51%
Berry Pecha Berry
51%
Evolution Item (Stone) Shiny Stone
51%
Valuable / Exchangeable Big Mushroom
49%
Fossil Claw Fossil
49%
Medicine Lemonade
49%
Evolution Item (Held) Metal Coat
49%
Held Item Mystic Water
49%
Battle Items X Attack
49%
Battle Items X Defense
49%
Berry (Generation II) Berry
48%
Held Item (Gem) Dragon Gem
48%
Held Item (Gem) Electric Gem
48%
Poké Ball Fast Ball
48%
Held Item (Gem) Fire Gem
48%
Held Item (Plate) Flame Plate
48%
Medicine Fresh Water
48%
Poké Ball Heal Ball
48%
Held Item (Z-Crystal) Normalium Z
48%
Valuable / Exchangeable Star Piece
48%
Held Item (Gem) Water Gem
48%
Held Item (Mega Stone) Beedrillite
46%
Medicine (Vitamin) Calcium
46%
Held Item (Gem) Dark Gem
46%
Held Item (Gem) Fairy Gem
46%
Held Item (Gem) Grass Gem
46%
Held Item (Gem) Ground Gem
46%
Fossil Helix Fossil
46%
Held Item Light Ball
46%
Held Item (Gem) Poison Gem
46%
Held Item (Z-Crystal) Rockium Z
46%
Held Item (Mega Stone) Sceptilite
46%
Held Item (Gem) Steel Gem
46%
Held Item (Mega Stone) Swampertite
46%
Held Item / Key Items Blue Orb
45%
Held Item (Gem) Bug Gem
45%
Held Item Focus Band
45%
Held Item (Mega Stone) Garchompite
45%
Medicine (Vitamin) HP Up
45%
Held Item (Plate) Insect Plate
45%
Evolution Item (Held) King's Rock
45%
Poké Ball Level Ball
45%
Poké Ball Lure Ball
45%
Held Item (Mega Stone) Medichamite
45%
Medicine (Vitamin) PP Up
45%
Held Item (Gem) Psychic Gem
45%
Held Item / Key Items Red Orb
45%
Held Item (Gem) Rock Gem
45%
Battle Items X Sp. Atk
45%
Battle Items X Speed
45%
Held Item (Mega Stone) Absolite
43%
Key Items (Bike) Acro Bike
43%
Held Item (Mega Stone) Audinite
43%
Exchangeable (Apricorn) Blue Apricorn
43%
Held Item (Memory) Bug Memory
43%
Berry Cheri Berry
43%
Poké Ball Cherish Ball
43%
Held Item (Z-Crystal) Fairium Z
43%
Poké Ball Feather Ball
43%
Held Item (Memory) Fire Memory
43%
Held Item (Gem) Flying Gem
43%
Held Item (Gem) Ghost Gem
43%
Key Items (Rod) Good Rod
43%
Exchangeable (Apricorn) Green Apricorn
43%
Held Item (Z-Crystal) Groundium Z
43%
Held Item (Gem) Ice Gem
43%
Medicine Lava Cookie
43%
Key Items (Bike) Mach Bike
43%
Held Item Miracle Seed
43%
Exchangeable (Apricorn) Red Apricorn
43%
Poké Ball Repeat Ball
43%
Held Item (Memory) Water Memory
43%
Battle Items X Sp. Def
43%
Valuable (Flute) Blue Flute
42%
Valuable / Exchangeable Blue Shard
42%
Held Item (Memory) Dark Memory
42%
Held Item (Z-Crystal) Dragonium Z
42%
Held Item (Memory) Electric Memory
42%
Held Item (Z-Crystal) Electrium Z
42%
Medicine Ether
42%
Held Item (Memory) Fairy Memory
42%
Held Item (Mega Stone) Gengarite
42%
Held Item (Memory) Grass Memory
42%
Held Item Magnet
42%
Held Item (Mega Stone) Mawilite
42%
Held Item (Mega Stone) Mewtwonite X
42%
Held Item (Mega Stone) Mewtwonite Y
42%
Valuable (Flute) Red Flute
42%
Valuable / Exchangeable Red Shard
42%
Held Item (Mega Stone) Salamencite
42%
Held Item Silk Scarf
42%
Held Item Soft Sand
42%
Valuable / Exchangeable Tiny Mushroom
42%
Held Item (Mega Stone) Alakazite
40%
Held Item (Mega Stone) Ampharosite
40%
Held Item Black Glasses
40%
Berry Chesto Berry
40%
Fossil Dome Fossil
40%
Held Item (Memory) Dragon Memory
40%
Held Item Flame Orb
40%
Held Item (Mega Stone) Galladite
40%
Held Item (Mega Stone) Gardevoirite
40%
Held Item (Memory) Ghost Memory
40%
Valuable / Exchangeable Green Shard
40%
Held Item Leek
40%
Held Item (Plate) Mind Plate
40%
Medicine Moomoo Milk
40%
Held Item (Plate) Pixie Plate
40%
Held Item (Memory) Psychic Memory
40%
Evolution Item (Held) Razor Claw
40%
Held Item (Memory) Rock Memory
40%
Valuable Stardust
40%
Held Item (Memory) Steel Memory
40%
Exchangeable (Apricorn) Yellow Apricorn
40%
Exchangeable (Apricorn) Black Apricorn
38%
Held Item (Mega Stone) Cameruptite
38%
Poké Ball Dream Ball
38%
Held Item Exp. Share
38%
Held Item (Gem) Fighting Gem
38%
Held Item (Z-Crystal) Ghostium Z
38%
Held Item (Memory) Ground Memory
38%
Held Item (Z-Crystal) Icium Z
38%
Medicine Max Ether
38%
Held Item (Mega Stone) Metagrossite
38%
Held Item (Mega Stone) Pinsirite
38%
Medicine / Key Items Poké Flute
38%
Held Item (Z-Crystal) Psychium Z
38%
Berry Rawst Berry
38%
Held Item (Mega Stone) Scizorite
38%
Held Item Spell Tag
38%
Held Item (Z-Crystal) Steelium Z
38%
Held Item Toxic Orb
38%
Exchangeable (Apricorn) White Apricorn
38%
Held Item (Plate) Draco Plate
37%
Held Item (Plate) Earth Plate
37%
Key Items (Rod) Fishing Rod
37%
Held Item (Memory) Flying Memory
37%
Held Item (Memory) Ice Memory
37%
Held Item (Mega Stone) Kangaskhanite
37%
Evolution Item (Held) Magmarizer
37%
Fossil Old Amber
37%
Valuable Pearl String
37%
Held Item (Mega Stone) Pidgeotite
37%
Held Item (Memory) Poison Memory
37%
Valuable Pretty Feather
37%
Held Item Quick Claw
37%
Medicine Soda Pop
37%
Key Items Town Map
37%
Held Item (Mega Stone) Tyranitarite
37%
Valuable (Flute) White Flute
37%
Valuable / Exchangeable Yellow Shard
37%
Held Item (Mega Stone) Diancite
35%
Held Item Everstone
35%
Held Item (Memory) Fighting Memory
35%
Exchangeable Heart Scale
35%
Held Item (Incense) Lax Incense
35%
Berry Leppa Berry
35%
Held Item (Mega Stone) Lopunnite
35%
Berry Lum Berry
35%
Exchangeable (Apricorn) Pink Apricorn
35%
Escape Item Poké Doll
35%
Evolution Item (Held) Razor Fang
35%
Fossil Root Fossil
35%
Held Item (Incense) Sea Incense
35%
Held Item Shell Bell
35%
Held Item (Plate) Splash Plate
35%
Item (Ingredient) Tomato
35%
Valuable (Flute) Yellow Flute
35%
Held Item Amulet Coin
34%
Valuable (Flute) Black Flute
34%
Held Item (Z-Crystal) Buginium Z
34%
Valuable Comet Shard
34%
Held Item Hard Stone
34%
Held Item Heat Rock
34%
Held Item Iron Ball
34%
Fossil Jaw Fossil
34%
Held Item (Mega Stone) Lucarionite
34%
Berry Nanab Berry
34%
Held Item Poison Barb
34%
Held Item (Z-Crystal) Poisonium Z
34%
Evolution Item (Held) Protector
34%
Held Item (Mega Stone) Sharpedonite
34%
Held Item (Plate) Stone Plate
34%
Held Item (Mega Stone) Aggronite
32%
Held Item Black Belt
32%
Held Item (Z-Crystal) Darkinium Z
32%
Evolution Item (Held) Dragon Scale
32%
Key Items GS Ball
32%
Held Item Lucky Egg
32%
Fossil Sail Fossil
32%
Held Item (Mega Stone) Steelixite
32%
Held Item (Plate) Toxic Plate
32%
Held Item Twisted Spoon
32%
Evolution Item (Held) Upgrade
32%
Held Item Black Sludge
31%
Held Item Eviolite
31%
Poké Ball Jet Ball
31%
Held Item Never-Melt Ice
31%
Poké Ball Park Ball
31%
Fossil Plume Fossil
31%
Medicine (Vitamin) PP Max
31%
Held Item Sharp Beak
31%
Fossil Skull Fossil
31%
Held Item Soothe Bell
31%
Held Item Assault Vest
29%
Held Item Big Root
29%
Held Item Bright Powder
29%
Held Item Dragon Fang
29%
Item (Ingredient) Egg
29%
Medicine Elixir
29%
Held Item Expert Belt
29%
Held Item Griseous Orb
29%
Held Item (Mega Stone) Gyaradosite
29%
Held Item Lagging Tail
29%
Held Item (Mega Stone) Latiasite
29%
Held Item (Mega Stone) Latiosite
29%
Held Item Lustrous Orb
29%
Evolution Item (Held) Oval Stone
29%
Held Item (Z-Crystal) Pikanium Z
29%
Valuable Rare Bone
29%
Berry Razz Berry
29%
Held Item (Plate) Spooky Plate
29%
Item (Mint) Adamant Mint
28%
Held Item Air Balloon
28%
Held Item (Mega Stone) Altarianite
28%
Held Item (Mega Stone) Blastoisinite
28%
Held Item Damp Rock
28%
Evolution Item (Held) Deep Sea Tooth
28%
Battle Items Dire Hit
28%
Held Item Eject Button
28%
Item (Ingredient) Ham
28%
Berry Iapapa Berry
28%
Held Item Icy Rock
28%
Item (Ingredient) Lettuce
28%
Held Item (Z-Crystal) Lycanium Z
28%
Berry Pinap Berry
28%
Medicine Revival Herb
28%
Held Item (Plate) Zap Plate
28%
Fossil Cover Fossil
26%
Evolution Item (Held) Deep Sea Scale
26%
Evolution Item (Held) Dubious Disk
26%
Medicine Energy Root
26%
Held Item (Z-Crystal) Incinium Z
26%
Item (Ingredient) Ketchup
26%
Held Item Life Orb
26%
Medicine (Feather) Muscle Feather
26%
Medicine Rage Candy Bar
26%
Key Items RageCandyBar
26%
Held Item Rocky Helmet
26%
Poké Ball Sport Ball
26%
Held Item Wide Lens
26%
Battle Items X Accuracy
26%
Fossil Armor Fossil
25%
Held Item (Mega Stone) Banettite
25%
Held Item Berry Juice
25%
Held Item (Drive) Burn Drive
25%
Key Items DNA Splicers
25%
Held Item (Plate) Fist Plate
25%
Battle Items Guard Spec
25%
Held Item Heavy-Duty Boots
25%
Held Item (Plate) Iron Plate
25%
Held Item Light Clay
25%
Medicine Max Elixir
25%
Held Item (Plate) Meadow Plate
25%
Key Items Meteorite
25%
Key Items Oak's Parcel
25%
Held Item (Z-Crystal) Primarium Z
25%
Held Item (Incense) Rose Incense
25%
Held Item Scope Lens
25%
Held Item (Plate) Sky Plate
25%
Held Item (Z-Crystal) Snorlium Z
25%
Held Item Soul Dew
25%
Held Item (Incense) Wave Incense
25%
Held Item Weakness Policy
25%
Held Item Adamant Orb
23%
Valuable Balm Mushroom
23%
Held Item (Z-Crystal) Decidium Z
23%
Held Item (Z-Crystal) Eevium Z
23%
Held Item Macho Brace
23%
Item (Ingredient) Mayonnaise
23%
Held Item (Z-Crystal) Mimikium Z
23%
Item (Ingredient) Mustard
23%
Berry Persim Berry
23%
Held Item (Power) Power Band
23%
Evolution Item (Held) Prism Scale
23%
Held Item Red Card
23%
Key Items Rotom Phone
23%
Held Item (Mega Stone) Sablenite
23%
Held Item Safety Goggles
23%
Item (Ingredient) Salt
23%
Held Item (Drive) Shock Drive
23%
Held Item (Mega Stone) Slowbronite
23%
Item (Mint) Timid Mint
23%
Poké Ball Wing Ball
23%
Key Items Z-Ring
23%
Key Items Azure Flute
22%
Medicine Casteliacone
22%
Held Item (Plate) Dread Plate
22%
Key Items (Ticket / Pass) Eon Ticket
22%
Held Item (Z-Crystal) Flynium Z
22%
Held Item (Mega Stone) Heracronite
22%
Held Item (Z-Crystal) Lunalium Z
22%
Held Item (Z-Crystal) Mewnium Z
22%
Item (Ingredient) Pepper
22%
Key Items (Case / Box) Poffin Case
22%
Held Item Power Herb
22%
Key Items Rainbow WIng
22%
Held Item (Incense) Rock Incense
22%
Held Item Rusted Shield
22%
Held Item Rusted Sword
22%
Key Items Shiny Charm
22%
Key Items Silph Scope
22%
Held Item Silver Powder
22%
Held Item Smoke Ball
22%
Held Item Snowball
22%
Key Items (Ticket / Pass) S.S. Ticket
22%
Berry Tamato Berry
22%
Key Items Tea
22%
Held Item Thick Club
22%
Key Items (Case / Box) TM Case
22%
Key Items Vs. Seeker
22%
Held Item Absorb Bulb
20%
Held Item (Mega Stone) Aerodactylite
20%
Key Items Bike Voucher
20%
Berry Bluk Berry
20%
Item (Mint) Bold Mint
20%
Berry Enigma Berry
20%
Fossil Fossilized Bird
20%
Fossil Fossilized Drake
20%
Fossil Fossilized Fish
20%
Key Items Gracidea
20%
Held Item Grassy Seed
20%
Held Item (Mega Stone) Houndoominite
20%
Held Item (Z-Crystal) Kommonium Z
20%
Held Item Lucky Punch
20%
Held Item (Mega Stone) Manectite
20%
Key Items Mega Ring
20%
Medicine Old Gateau
20%
Key Items (Bike) Rotom Bike
20%
Evolution Item (Directly Used) Sweet Apple
20%
Held Item (Z-Crystal) Ultranecrozium Z
20%
Held Item Wise Glasses
20%
Held Item (Mega Stone) Abomasite
18%
Berry Aguav Berry
18%
Berry Aspear Berry
18%
Item (Mint) Calm Mint
18%
Key Items (Case / Box) Coin Case
18%
Evolution Item (Directly Used) Cracked Pot
18%
Key Items Explorer Kit
18%
Held Item (Incense) Full Incense
18%
Held Item / key items Jade Orb
18%
Berry Kelpsy Berry
18%
Held Item Misty Seed
18%
Item (Mint) Modest Mint
18%
Berry Pomeg Berry
18%
Held Item Psychic Seed
18%
Medicine Sacred Ash
18%
Valuable Slowpoke Tail
18%
Item (Ingredient) Spicy Herba Mystica
18%
Held Item Sticky Barb
18%
Medicine (Feather) Swift Feather
18%
Key Items Tera Orb
18%
Evolution Item (Held) Whipped Dream
18%
Berry Wiki Berry
18%
Held Item (Z-Crystal) Aloraichium Z
17%
Item (Ingredient) Apple
17%
Exchangeable Bottle Cap
17%
Item (Ingredient) Bread
17%
Key Items (Key / Card) Card Key (Kanto)
17%
Item (Ingredient) Cheese
17%
Held Item Cleanse Tag
17%
Item (Ingredient) Cucumber
17%
Key Items Dark Stone
17%
Held Item Destiny Knot
17%
Held Item Electric Seed
17%
Fossil Fossilized Dino
17%
Medicine (Feather) Genius Feather
17%
Poké Ball Gigaton Ball
17%
Held Item (Plate) Icicle Plate
17%
Held Item (Plate) Legend Plate
17%
Held Item (Z-Crystal) Marshadium Z
17%
Held Item Muscle Band
17%
Key Items Oak's Letter
17%
Berry Occa Berry
17%
Held Item (Incense) Odd Incense
17%
Item (Ingredient) Onion
17%
Poké Ball / Key Items Origin Ball
17%
Key Items (Ticket / Pass) Pass
17%
Berry Passho Berry
17%
Item (Ingredient) Pickle
17%
Valuable Relic Gold
17%
Item (Ingredient) Salty Herba Mystica
17%
Key Items Silver Wing
17%
Held Item Smooth Rock
17%
Held Item (Z-Crystal) Solganium Z
17%
Item (Ingredient) Sweet Herba Mystica
17%
Evolution Item (Directly Used) Tart Apple
17%
Medicine Ability Capsule
15%
Item (Ingredient) Banana
15%
Medicine Big Malasada
15%
Item (Ingredient) Bitter Herba Mystica
15%
Held Item Cell Battery
15%
Held Item (Drive) Chill Drive
15%
Evolution Item (Directly Used) Chipped Pot
15%
Key Items Clear Bell
15%
Medicine Energy Powder
15%
Berry Figy Berry
15%
Medicine (Feather) Health Feather
15%
Berry Hondew Berry
15%
Item (Mint) Jolly Mint
15%
Item (Ingredient) Klawf Stick
15%
Berry Liechi Berry
15%
Key Items Mega Bracelet
15%
Held Item Metronome
15%
Key Items Pal Pad
15%
Key Items (Case / Box) Pokéblock Case
15%
Held Item (Power) Power Anklet
15%
Held Item (Power) Power Belt
15%
Berry (Generation II) PSNCureBerry
15%
Item (Nectar) Purple Nectar
15%
Held Item Quick Powder
15%
Item (Nectar) Red Nectar
15%
Valuable Relic Copper
15%
Valuable Relic Crown
15%
Valuable Relic Silver
15%
Berry Rindo Berry
15%
Key Items Rotom Catalog
15%
Valuable / Exchangeable Shoal Salt
15%
Item (Ingredient) Sour Herba Mystica
15%
Held Item White Herb
15%
Item (Nectar) Yellow Nectar
15%
Held Item Berserk Gene
14%
Held Item (Scarf) Blue Scarf
14%
Item (Ingredient) Chorizo
14%
Medicine (Feather) Clever Feather
14%
Held Item (Drive) Douse Drive
14%
Key Items Dynamax Band
14%
Berry Grepa Berry
14%
Held Item Grip Claw
14%
Medicine Heal Powder
14%
Key Items Itemfinder
14%
Key Items Key Stone
14%
Key Items Light Stone
14%
Held Item (Incense) Luck Incense
14%
Key Items Lunar WIng
14%
Berry Mago Berry
14%
Held Item Mental Herb
14%
Held Item Metal Powder
14%
Item (Mint) Naive Mint
14%
Evolution Item (Directly Used) Peat Block
14%
Held Item (Z-Crystal) Pikashunium Z
14%
Key Items Poké Radar
14%
Held Item (Power) Power Weight
14%
Berry Qualot Berry
14%
Held Item (Scarf) Red Scarf
14%
Valuable Relic Vase
14%
Key Items Reveal Glass
14%
Key Items Roller Skates
14%
Item (Mint) Serious Mint
14%
Key Items SquirtBottle
14%
Held Item (Z-Crystal) Tapunium Z
14%
Key Items Wishing Star
14%
Key Items Zygarde Cube
14%
Held Item Adrenaline Orb
12%
Key Items (Key / Card) Basement Key (Hoenn)
12%
Key Items (Key / Card) Basement Key (Johto)
12%
Evolution Item (Directly Used) Black Augurite
12%
Item (Mint) Brave Mint
12%
Berry Chople Berry
12%
Held Item Covert Cloak
12%
Valuable (Mulch) Damp Mulch
12%
Key Items Devon Scope
12%
Held Item Float Stone
12%
Held Item (Mega Stone) Glalitite
12%
Key Items Go-Goggles
12%
Exchangeable Gold Bottle Cap
12%
Key Items Gold Teeth
12%
Held Item (Scarf) Green Scarf
12%
Berry Haban Berry
12%
Item (Mint) Hasty Mint
12%
Item (Mint) Impish Mint
12%
Berry Kasib Berry
12%
Item (Mint) Lax Mint
12%
Key Items Letter
12%
Held Item Luminous Moss
12%
Key Items N-Lunarizer
12%
Key Items N-Solarizer
12%
Key Items Odd Keystone
12%
Berry Payapa Berry
12%
Item (Nectar) Pink Nectar
12%
Held Item (Incense) Pure Incense
12%
Valuable Relic Statue
12%
Held Item Ring Target
12%
Key Items Ruby
12%
Evolution Item (Held) Sachet
12%
Item (Mint) Sassy Mint
12%
Valuable / Exchangeable Shoal Shell
12%
Key Items Sprayduck
12%
Held Item Throat Spray
12%
Key Items Wailmer Pail
12%
Berry Yache Berry
12%
Held Item (Scarf) Yellow Scarf
12%
Held Item Zoom Lens
12%
Berry Babiri Berry
11%
Item (Ingredient) Bacon
11%
Item (Ingredient) Butter
11%
Key Items Exp. Charm
11%
Item (Ingredient) Green Bell Pepper
11%
Valuable (Mulch) Growth Mulch
11%
Key Items Koraidon's Poké Ball
11%
Poké Ball Leaden Ball
11%
Key Items (Key / Card) Lift Key
11%
Key Items Miraidon's Poké Ball
11%
Key Items Mystery Egg
11%
Held Item (Scarf) Pink Scarf
11%
Escape Item Poké toy
11%
Held Item (Power) Power Bracer
11%
Item (Mint) Quiet Mint
11%
Key Items (Ticket / Pass) Rainbow Pass
11%
Item (Mint) Rash Mint
11%
Key Items Reins of Unity
11%
Valuable Relic Band
11%
Key Items Sapphire
11%
Key Items Scarlet Book
11%
Key Items (Key / Card) Secret Key (Kanto)
11%
Key Items (Key / Card) Secret Key (Sinnoh)
11%
Key Items SecretPotion
11%
Held Item Shed Shell
11%
Item (Ingredient) Strawberry
11%
Key Items Violet Book
11%
Berry Wacan Berry
11%
Berry Watmel Berry
11%
Key Items (Ticket / Pass) Armor Pass
9%
Key Items Berry Pots
9%
Evolution Item (Held) Berry Sweet
9%
Held Item Binding Band
9%
Berry (Generation II) Bitter Berry
9%
Berry Charti Berry
9%
Berry | e-Reader Berries Chilan Berry
9%
Berry Colbur Berry
9%
Item (Ingredient) Curry Powder
9%
Berry Custap Berry
9%
Key Items (Key / Card) Elevator Key
9%
Key Items Eon Flute
9%
Key Items (Case / Box) Fashion Case
9%
Key Items (Key / Card) Galactic Key
9%
Evolution Item (Directly Used) Galarica Wreath
9%
Berry Ganlon Berry
9%
Item (Ingredient) Hamburger
9%
Item (Ingredient) Jam
9%
Item (Mint) Lonely Mint
9%
Evolution Item (Held) Love Sweet
9%
Key Items Mark Charm
9%
Key Items Moon Flute
9%
Berry Nomel Berry
9%
Item (Ingredient) Noodles
9%
Berry Petaya Berry
9%
Key Items Prison Bottle
9%
Key Items (Case / Box) Prop Case
9%
Berry (Generation II) PRZCureBerry
9%
Item (Ingredient) Red Bell Pepper
9%
Key Items Red Chain
9%
Key Items Red Scale
9%
Berry Roseli Berry
9%
Berry Salac Berry
9%
Key Items Sandwich
9%
Medicine Shalour Sable
9%
Berry Shuca Berry
9%
Key Items (Key / Card) Storage Key (Hoenn)
9%
Key Items (Key / Card) Storage Key (Sinnoh)
9%
Poké Ball Strange Ball
9%
Key Items Sun Flute
9%
Berry Tanga Berry
9%
Held Item Terrain Extender
9%
Key Items Xtransceiver
9%
Item (Ingredient) Yellow Bell Pepper
9%
Held Item Ability Shield
8%
Berry Apicot Berry
8%
Evolution Item (Directly Used) Auspicious Armor
8%
Item (Ingredient) Basil
8%
Item (Mint) Careful Mint
8%
Evolution Item (Held) Clover Sweet
8%
Berry Coba Berry
8%
Key Items (Ticket / Pass) Contest Pass
8%
Berry Cornn Berry
8%
Key Items Devon Goods
8%
Berry Durin Berry
8%
Evolution Item (Held) Flower Sweet
8%
Escape Item Fluffy Tail
8%
Evolution Item (Directly Used) Galarica Cuff
8%
Exchangeable Galarica Twig
8%
Key Items GB Sounds
8%
Berry (Generation II) Gold Berry
8%
Valuable (Mulch) Gooey Mulch
8%
Held Item (Mail) Harbor Mail
8%
Key Items Holo Caster
8%
Berry Jaboca Berry
8%
Key Items (Case / Box) Lens Case
8%
Berry Magost Berry
8%
Item (Ingredient) Marmalade
8%
Item (Mint) Mild Mint
8%
Key Items Old Sea Map
8%
Key Items Oval Charm
8%
Key Items Parcel
8%
Item (Ingredient) Peanut Butter
8%
Medicine Pewter Crunchies
8%
Held Item (Power) Power Lens
8%
Item (Ingredient) Red Onion
8%
Item (Mint) Relaxed Mint
8%
Medicine (Feather) Resist Feather
8%
Evolution Item (Held) Ribbon Sweet
8%
Berry Rowap Berry
8%
Key Items Scanner
8%
Evolution Item (Directly Used) / Key Items Scroll of Darkness
8%
Evolution Item (Directly Used) / Key Items Scroll of Waters
8%
Key Items Soot Sack
8%
Berry Spelon Berry
8%
Berry Starf Berry
8%
Evolution Item (Held) Star Sweet
8%
Valuable Strange Souvenir
8%
Evolution Item (Held) Strawberry Sweet
8%
Item (Ingredient) Wasabi
8%
Berry Wepear Berry
8%
Key Items Z-Power Ring
8%
Key Items Adventure Guide
6%
Key Items Adventure RUles
6%
Key Items Aqua Suit
6%
Berry Belue Berry
6%
Held Item (Plate) Blank Plate
6%
Held Item Blunder Policy
6%
Item (Ingredient) Cherry Tomatoes
6%
Key Items Coupon 1
6%
Key Items Coupon 2
6%
Key Items Coupon 3
6%
Key Items Devon Parts
6%
Key Items Dowsing MCHN
6%
Held Item Eject Pack
6%
Key Items Endorsement
6%
Valuable Gold Leaf
6%
Held Item (Mail) Grass Mail
6%
Item (Ingredient) Herbed Sausage
6%
Key Items Iceroot Carrot
6%
Item (Ingredient) Jalapeño
6%
Key Items Journal
6%
Berry Kebia Berry
6%
Item (Ingredient) Large Leek
6%
Key Items (Ticket / Pass) LIberty Pass
6%
Key Items Machine Part
6%
Key Items Magma Emblem
6%
Evolution Item (Directly Used) Malicious Armor
6%
Key Items (Case / Box) Medal Box
6%
Key Items Member Card
6%
Berry Micle Berry
6%
Berry (Generation II) Miracle Berry
6%
Held Item Mirror Herb
6%
Item (Mint) Naughty Mint
6%
Key Items Old Charm
6%
Item (Ingredient) Olive Oil
6%
Held Item Pink Bow
6%
Key Items Plasma Card
6%
Held Item Protective Pads
6%
Item (Ingredient) Rice
6%
Valuable (Mulch) Rich Mulch
6%
Held Item Room Service
6%
Item (Ingredient) Sausages
6%
Key Items (Case / Box) Seal Case
6%
Key Items Shaderoot Carrot
6%
Valuable Silver Leaf
6%
Key Items Sparkling Stone
6%
Key Items Sprinklotad
6%
Valuable (Mulch) Stable Mulch
6%
Key Items Tidal Bell
6%
Item (Ingredient) Tofu
6%
Key Items (Ticket / Pass) Tri-Pass
6%
Key Items Unown Report
6%
Held Item (Mail) Wave Mail
6%
Key Items (Key / Card) Works Key
6%
Held Item (Mail) Air Mail
5%
Valuable (Mulch) Amaze Mulch
5%
Item (Ingredient) Avocado
5%
Valuable Beach Glass
5%
Valuable Big Bamboo Shoot
5%
Key Items Black Mane Hair
5%
Key Items Blue Card
5%
Item (Ingredient) Boiled Egg
5%
Valuable (Mulch) Boost Mulch
5%
Valuable Chalky Stone
5%
Item (Ingredient) Chili Sauce
5%
Key Items Colress MCHN
5%
Item (Ingredient) Cream Cheese
5%
Key Items Dropped Item
5%
e-Reader Berries Eggant Berry
5%
Evolution Item (Held) Electririzer
5%
Key Items Enigma Stone
5%
Item (Ingredient) Fancy Apple
5%
Held Item (Z-Crystal) Fighinium Z
5%
Held Item (Mail) Flower Mail
5%
Key Items Forage Bag
5%
Item (Ingredient) Fried FIllet
5%
Item (Ingredient) Fried Food
5%
Item (Mint) Gentle Mint
5%
Key Items Gram 1
5%
Key Items Gram 2
5%
Key Items Gram 3
5%
Held Item (Mail) Greet Mail
5%
Key Items Griseous Core
5%
Berry (Generation II) Ice Berry
5%
Item (Ingredient) Instant Noodles
5%
Berry Kee Berry
5%
Key Items (Key / Card) Key to Room 1
5%
Key Items (Key / Card) Key to Room 2
5%
Key Items (Key / Card) Key to Room 4
5%
Key Items (Key / Card) Key to Room 6
5%
Key Items Kofu's Wallet
5%
Berry Lansat Berry
5%
Key Items Legendary Clue?
5%
Valuable Lone Earring
5%
Key Items Lost Item
5%
Medicine Lumiose Galette
5%
Berry Maranga Berry
5%
Valuable Marble
5%
Key Items Meteorite Shard
5%
Key Items (Ticket / Pass) Mystic Ticket
5%
e-Reader Berries Nutpea Berry
5%
Key Items Old Journal
5%
Berry Pamtre Berry
5%
Key Items Permit
5%
Item (Ingredient) Pineapple
5%
Key Items Pokéblock Kit
5%
Valuable Polished Mud Ball
5%
Item (Ingredient) Potato Salad
5%
Key Items Professor's Mask
5%
Item (Ingredient) Prosciutto
5%
e-Reader Berries Pumkin Berry
5%
Item (Ingredient) Pungent Root
5%
Key Items Secret Medicine
5%
Item (Candy) Smart Candy
5%
Item (Ingredient) Smoked Fillet
5%
Valuable Stretchy Spring
5%
Key Items Style Card
5%
Key Items (Key / Card) Suite Key
5%
Valuable (Mulch) Surprise Mulch
5%
Key Items Teachy TV
5%
Valuable Tiny Bamboo Shoot
5%
Valuable Tropical Shell
5%
Item (Ingredient) Vinegar
5%
Item (Ingredient) Watercress
5%
Key Items White Mane Hair
5%
Held Item (Mail) Wood Mail
5%
Key Items (Ticket / Pass) Aurora Ticket
3%
Item (Ingredient) Bach's Food Tin
3%
Item (Ingredient) Baguette
3%
Key Items Basculegion Food
3%
Held Item (Mail) Bead Mail
3%
Item (Ingredient) Bob's Food Tin
3%
Valuable Brick Piece
3%
Held Item (Mail) Bridgemail D
3%
Held Item (Mail) Bridgemail M
3%
Held Item (Mail) Bridgemail S
3%
Held Item (Mail) Bridgemail T
3%
Held Item (Mail) Bridgemail V
3%
Item (Ingredient) Brittle Bones
3%
Held Item (Mail) Bubble Mail
3%
Berry (Generation II) Burnt Berry
3%
Key Items Camping Gear
3%
Key Items Carrot Seeds
3%
Item (Ingredient) Coconut Milk
3%
Key Items Contest Costume
3%
Item (Candy) Courage Candy
3%
Item (Candy) Courage Candy L
3%
Item (Candy) Courage Candy XL
3%
Key Items Devon Scuba Gear
3%
e-Reader Berries Drash Berry
3%
Key Items DS Sounds
3%
Key Items (Ticket / Pass) Egg Ticket
3%
Key Items Enigmatic Card
3%
Held Item (Mail) Favored Mail
3%
Item (Ingredient) Fresh Cream
3%
Item (Ingredient) Fruit Bunch
3%
Item (Ingredient) Gigantamix
3%
Key Items Grubby Hanky
3%
Key Items Guidebook
3%
Held Item (Mail) Heart Mail
3%
Key Items Honor of Kalos
3%
Berry Hopo Berry
3%
Item (Ingredient) Horseradish
3%
Held Item (Mail) Inquiry Mail
3%
Key Items Intriguing Stone
3%
Item (Ingredient) Kiwi
3%
Key Items Left Poké Ball
3%
Key Items Legendary Clue 2
3%
Key Items Legendary Clue 3
3%
Held Item (Mail) Like MAIL
3%
Key Items (Ticket / Pass) Looker Ticket
3%
Berry (Generation II) Mint Berry
3%
Item (Ingredient) Mixed Mushrooms
3%
Item (Ingredient) Moomoo Cheese
3%
e-Reader Berries Niniku Berry
3%
Key Items Old Letter
3%
Key Items Old Verse
3%
Held Item (Mail) Orange Mail
3%
Item (Ingredient) Packaged Curry
3%
Item (Ingredient) Pack of Potatoes
3%
Key Items (Ticket / Pass) Pair of Tickets
3%
Item (Ingredient) Pasta
3%
Key Items Pink Petal
3%
Key Items Point Card
3%
Key Items Pokémon Box Link
3%
Held Item Polkadot Bow
3%
Item (Ingredient) Potato Tortilla
3%
Key Items (Ticket / Pass) Power Plant Pass
3%
Item (Ingredient) Precooked Burger
3%
Key Items Prof's Letter
3%
Item (Candy) Quick Candy
3%
Item (Candy) Quick Candy L
3%
Item (Candy) Quick Candy XL
3%
Held Item (Mail) Reply Mail
3%
Held Item (Mail) Retro Mail
3%
Held Item (Mail) RSVP Mail
3%
Item (Ingredient) Salad Mix
3%
Item (Candy) Smart Candy L
3%
Item (Candy) Smart Candy XL
3%
Key Items Sonia's Book
3%
Item (Ingredient) Spice Mix
3%
Medicine Sweet Heart
3%
Held Item (Mail) Thanks Mail
3%
Item (Ingredient) Tin of Beans
3%
Key Items (Ticket / Pass) TMV Pass
3%
Item (Candy) Tough Candy
3%
Item (Ingredient) Yogurt
3%
Key Items (Case / Box) Apricorn Case
2%
Key Items Azelf's Fang
2%
Key Items Berry Puch
2%
Held Item (Mail) Bloom Mail
2%
Key Items Blue Petal
2%
Held Item (Mail) Bluesky Mail
2%
Held Item (Mail) Brick Mail
2%
Key Items Crafting Kit
2%
Held Item (Mail) Eon Mail
2%
Key Items Eternal Ice
2%
Held Item (Mail) Fab Mail
2%
Key Items Fame Checker
2%
Held Item (Mail) Flame Mail
2%
Key Items Forest Balm
2%
e-Reader Berries Ginema Berry
2%
Held Item (Mail) Glitter Mail
2%
Key Items Green Petal
2%
Item (Candy) Health Candy
2%
Item (Candy) Health Candy L
2%
Item (Candy) Health Candy XL
2%
Key Items Hi-tech Earbuds
2%
Key Items Ilima's Normalium Z
2%
e-Reader Berries Kuo Berry
2%
Key Items Legendary Clue 1
2%
Held Item (Mail) Litebluemail
2%
Held Item (Mail) Lovely Mail
2%
Key Items Marsh Balm
2%
Medicine Max Honey
2%
Held Item (Mail) Mech Mail
2%
Item (Candy) Mighty Candy
2%
Item (Candy) Mighty Candy L
2%
Item (Candy) Mighty Candy XL
2%
Held Item (Mail) Mirage Mail
2%
Held Item (Mail) Morph Mail
2%
Held Item (Mail) Mosaic Mail
2%
Key Items Mountain Balm
2%
Held Item (Mail) Music Mail
2%
Key Items Mysterious Balm
2%
Berry (Generation II) MysteryBerry
2%
Key Items Orange Petal
2%
Key Items Origin Ore
2%
Item Pass Orb
2%
Held Item (Mail) Portraitmail
2%
Key Items Powder Jar
2%
Key Items Purple Petal
2%
Key Items Radiant Petal
2%
Key Items Rainbow Flower
2%
Key Items Red Petal
2%
Medicine Remedy
2%
Held Item (Mail) Shadow Mail
2%
Key Items Snow Balm
2%
Held Item (Mail) Snow Mail
2%
Key Items Space Balm
2%
Held Item (Mail) Space Mail
2%
Held Item (Mail) Steel Mail
2%
e-Reader Berries Strib Berry
2%
Held Item (Mail) Surf Mail
2%
Key Items Time Balm
2%
e-Reader Berries Topo Berry
2%
Key Items Torn Journal
2%
e-Reader Berries Touga Berry
2%
Item (Candy) Tough Candy L
2%
Item (Candy) Tough Candy XL
2%
Held Item (Mail) Tropic Mail
2%
Held Item (Mail) Tunnel Mail
2%
Held Item Utility Umbrella
2%
Key Items Uxie's Claw
2%
Key Items Volcano Balm
2%
Key Items Wall Fragment
2%
Key Items Wooden Crown
2%
e-Reader Berries Yago Berry
2%
Key Items Yellow Petal
2%
Key Items Adamant Crystral
0%
Key Items (Key / Card) Card Key (Johto)
0%
Key Items Celectica Flute
0%
Key Items (Case / Box) Cologne Case
0%
Key Items (Case / Box) Disc Case
0%
Key Items Dragin Skull
0%
Held Item (Mail) Drean Mail
0%
Medicine Fine Remedy
0%
Key Items Lustrous Glove
0%
Key Items Mexprit's Plume
0%
Berry Ravute Berry
0%
Item (Ingredient) Smore-Poke Tail
0%
Medicine Superb Remedy
0%
Key Items (Case / Box) Voice Case
0%
Item (Ingredient) Whipper Cream
0%
No matching quizzes found
Score Distribution
Percent of People with Each Score
Percentile by Number Answered
Your Score History
You have not taken this quiz since the last reset